Características del consumo de productos pesqueros en el área urbana de Mar del Plata (Registro nro. 22709)

Detalles MARC
000 -LEADER
fixed length control field 00429 a2200133 4500
001 - CONTROL NUMBER
control field ART_6176
005 - DATE AND TIME OF LATEST TRANSACTION
control field 20260410161825.0
008 - FIXED-LENGTH DATA ELEMENTS--GENERAL INFORMATION
fixed length control field 260409a
100 1# - MAIN ENTRY--PERSONAL NAME
Personal name Errazti, Elizabeth
245 10 - TITLE STATEMENT
Title Características del consumo de productos pesqueros en el área urbana de Mar del Plata
700 1# - ADDED ENTRY--PERSONAL NAME
Personal name Bertolotti, María Isabel
700 1# - ADDED ENTRY--PERSONAL NAME
Personal name Aubone, Anibal
773 0# - HOST ITEM ENTRY
Title FACES
Related parts - Año 1, Nº 1 (jun 1995)
Record control number REV5046

No hay ítems disponibles.